[Event "Porto Alegre Metropole op 1st"]
[Site "Porto Alegre"]
[Date "2019.05.05"]
[Round "4"]
[White "Da Silva, Lucas Ramos"]
[Black "Goetten Wagner, Julia"]
[Result "1-0"]
[WhiteElo "1799"]
[BlackElo "1606"]
[PlyCount "64"]
[EventDate "2019.05.03"]
[EventType "swiss"]
[EventRounds "5"]
[EventCountry "BRA"]
[SourceTitle "CBM 190 Extra"]
[Source "ChessBase"]
[SourceDate "2019.07.15"]
[SourceVersion "1"]
[SourceVersionDate "2019.07.15"]
[SourceQuality "1"]

1. c4 e5 2. d3 Nc6 3. a3 f5 4. Nf3 Nf6 5. b4 d6 6. e3 g6 7. Qc2 Bg7 8. Bb2 0-0 9. Be2 Qe8 10. 0-0 h6 11. Nc3 g5 12. Nd5 Qf7 13. b5 Nd8 14. Nxf6+ Bxf6 15. Nd2 Ne6 16. Bf3 Qg6 17. Rac1 h5 18. Nb3 Nc5 19. Nd2 f4 20. d4 Qxc2 21. Rxc2 g4 22. Bd5+ Ne6 23. Ne4 Bh8 24. Ng5 Re8 25. exf4 Bf6 26. Ne4 Kg7 27. Nxf6 Kxf6 28. dxe5+ dxe5 29. Bxe5+ Kf5 30. Re1 Nc5 31. Rce2 c6 32. bxc6 bxc6 1-0

[Event "Porto Alegre Metropole op 1st"]
[Site "Porto Alegre"]
[Date "2019.05.04"]
[Round "3"]
[White "Calsing, Ado"]
[Black "Da Silva, Lucas Ramos"]
[Result "1-0"]
[WhiteElo "1707"]
[BlackElo "1799"]
[PlyCount "91"]
[EventDate "2019.05.03"]
[EventType "swiss"]
[EventRounds "5"]
[EventCountry "BRA"]
[SourceTitle "CBM 190 Extra"]
[Source "ChessBase"]
[SourceDate "2019.07.15"]
[SourceVersion "1"]
[SourceVersionDate "2019.07.15"]
[SourceQuality "1"]

1. Nf3 Nf6 2. b4 e6 3. a3 b6 4. g3 Bb7 5. Bg2 c5 6. bxc5 Bxc5 7. Bb2 Nc6 8. c4 Ne4 9. 0-0 0-0 10. d3 Nf6 11. d4 Be7 12. d5 Na5 13. d6 Bxd6 14. Qxd6 Nxc4 15. Qd4 Nxb2 16. Qxb2 Ne4 17. Nbd2 Qf6 18. Qxf6 gxf6 19. Nxe4 Bxe4 20. Nd2 Bxg2 21. Kxg2 f5 22. Rfc1 Rac8 23. Nb3 d5 24. Rxc8 Rxc8 25. Rc1 Rc4 26. Rxc4 dxc4 27. Nd4 Kg7 28. Kf1 Kf6 29. Ke1 a6 30. Kd2 e5 31. Nc2 Ke6 32. Kc3 b5 33. Nb4 a5 34. Nc6 b4+ 35. axb4 axb4+ 36. Nxb4 Kf6 37. Kxc4 Kg5 38. Kd5 f6 39. Nd3 e4 40. Nf4 h5 41. Ke6 h4 42. gxh4+ Kxf4 43. h5 Kg5 44. h6 e3 45. fxe3 Kxh6 46. Kxf6 1-0